Tighter mineral site controls (Record no. 70470)
[ view plain ]
| 000 -LEADER | |
|---|---|
| fixed length control field | 00946cam a2200229 4500 |
| 001 - CONTROL NUMBER | |
| control field | WB3821-15 |
| 008 - FIXED-LENGTH DATA ELEMENTS--GENERAL INFORMATION | |
| fixed length control field | 020612n2002 000 0 eng u |
| 035 ## - SYSTEM CONTROL NUMBER | |
| System control number | (Sirsi) u118389 |
| 245 ## - TITLE STATEMENT | |
| Title | Tighter mineral site controls |
| 260 ## - PUBLICATION, DISTRIBUTION, ETC. | |
| Date of publication, distribution, etc. | 2002 |
| 490 ## - SERIES STATEMENT | |
| Series statement | Scottish Executive Press Release |
| Volume/sequential designation | 10 June 2002 (2) |
| 520 ## - SUMMARY, ETC. | |
| Summary, etc. | Tighter controls are to be introduced in Scotland to crack down on quarry operators who not bringing old mineral sites up to modern standards quickly enough. Operators are failing to provide environmental impact information which enable planning authorities to determine applications in accordance with EC rules. http://www.scotland.gov.uk/pages/news/2002/06/SEsj026.aspx |
| 590 ## - LOCAL NOTE (RLIN) | |
| Local note | WB |
| 650 ## - SUBJECT ADDED ENTRY--TOPICAL TERM | |
| Topical term or geographic name entry element | MINERAL SITES |
| 650 ## - SUBJECT ADDED ENTRY--TOPICAL TERM | |
| Topical term or geographic name entry element | MINERAL EXTRACTION |
| 650 ## - SUBJECT ADDED ENTRY--TOPICAL TERM | |
| Topical term or geographic name entry element | MINERAL PERMISSIONS |
| 650 ## - SUBJECT ADDED ENTRY--TOPICAL TERM | |
| Topical term or geographic name entry element | CONSENTS |
| 650 ## - SUBJECT ADDED ENTRY--TOPICAL TERM | |
| Topical term or geographic name entry element | ENVIRONMENTAL IMPACT |
| 650 ## - SUBJECT ADDED ENTRY--TOPICAL TERM | |
| Topical term or geographic name entry element | SCOTLAND |
| 690 ## - LOCAL SUBJECT ADDED ENTRY--TOPICAL TERM (OCLC, RLIN) | |
| Topical term or geographic name as entry element | MINING AND MINERALS |
| 942 ## - ADDED ENTRY ELEMENTS (KOHA) | |
| Suppress in OPAC | 0 |
| Withdrawn status | Lost status | Source of classification or shelving scheme | Damaged status | Not for loan | Home library | Current library | Shelving location | Date acquired | Total Checkouts | Full call number | Barcode | Date last seen | Copy number | Price effective from | Koha item type |
|---|---|---|---|---|---|---|---|---|---|---|---|---|---|---|---|
| Dewey Decimal Classification | London | London | News article | 12/06/2002 | WB3821-15 | 118389-1001 | 06/08/2019 | 1 | 06/08/2019 | News article |